| 000 | 00526nam a2200157 a 4500 | ||
|---|---|---|---|
| 008 | 120416s1961 ||||||||||||||||| || u | ||
| 050 | _aBD 646 Why | ||
| 100 | _aWhyte, Lancelot Law | ||
| 245 | 1 | 0 | _aEssay on atomism |
| 246 | _afrom Democritus to 1960 | ||
| 260 |
_aLondon _bNelson _c1961 |
||
| 300 | _a108p. | ||
| 350 | _a0.00 | ||
| 650 | _aPHILOSOPHY | ||
| 995 |
_D0.00 _FCBU-MAIN LIBRARY (Kitwe) _H1 _I0.00 _M1 _UAVAILABLE _WMay 12, 2006 _ZMain Library Open Access Collection |
||
| 999 |
_c42348 _d42348 |
||